Thermal environmental engineering (Record no. 13003)

000 -LEADER
fixed length control field 00498nam a2200193 4500
001 - CONTROL NUMBER
control field 13003
003 - CONTROL NUMBER IDENTIFIER
control field BD-DhUET
008 - FIXED-LENGTH DATA ELEMENTS--GENERAL INFORMATION
fixed length control field 700513s1970 njuad b 001 0 eng
020 ## - INTERNATIONAL STANDARD BOOK NUMBER
International Standard Book Number 139147217
040 ## - CATALOGING SOURCE
Original cataloging agency DLC
Transcribing agency DLC
Modifying agency BD-DhUET
082 ## - DEWEY DECIMAL CLASSIFICATION NUMBER
Classification number 697.93
Item number THR/1970
100 1# - MAIN ENTRY--PERSONAL NAME
Personal name Threlkeld, James L.
245 10 - TITLE STATEMENT
Title Thermal environmental engineering
250 ## - EDITION STATEMENT
Edition statement 2nd ed.
260 ## - PUBLICATION, DISTRIBUTION, ETC. (IMPRINT)
Place of publication, distribution, etc. New Jersey
Name of publisher, distributor, etc. Prentice-Hall
Date of publication, distribution, etc. 1970
300 ## - PHYSICAL DESCRIPTION
Extent xvi, 495 p.
Other physical details illus.
Dimensions 25 cm.
650 #0 - SUBJECT ADDED ENTRY--TOPICAL TERM
Topical term or geographic name as entry element Air Conditioning
942 ## - ADDED ENTRY ELEMENTS (KOHA)
Koha item type General Book
Holdings
Piece designation (barcode) Koha full call number Copy number Location (home branch) Source of classification or shelving scheme Koha normalized classification for sorting Withdrawn status Sublocation or collection (holding branch) Shelving location Koha date last seen Not for loan Damaged status Price effective from Lost status Date acquired Koha item type
47970697.93/THR/19701Central Library, BUET 697_930000000000000_THR_1970 Central Library, BUETCirculation section2015-02-28  2015-02-28 2015-02-28General Book
55662697.93/THR/19702Central Library, BUET 697_930000000000000_THR_1970 Central Library, BUETCirculation section2015-02-28  2015-02-28 2015-02-28General Book
17689697.93/THR/19703Central Library, BUET 697_930000000000000_THR_1970 Central Library, BUETCirculation section2015-05-17  2015-05-17 2015-05-17General Book
17690697.93/THR/19704Central Library, BUET 697_930000000000000_THR_1970 Central Library, BUETCirculation section2015-05-17  2015-05-17 2015-05-17General Book
17691697.93/THR/19705Central Library, BUET 697_930000000000000_THR_1970 Central Library, BUETCirculation section2015-05-17  2015-05-17 2015-05-17General Book
17692697.93/THR/19706Central Library, BUET 697_930000000000000_THR_1970 Central Library, BUETCirculation section2015-05-17  2015-05-17 2015-05-17General Book
17693697.93/THR/19707Central Library, BUET 697_930000000000000_THR_1970 Central Library, BUETCirculation section2015-05-17  2015-05-17 2015-05-17General Book
19442697.93/THR/19708Central Library, BUET 697_930000000000000_THR_1970 Central Library, BUETCirculation section2015-05-17  2015-05-17 2015-05-17General Book
25333697.93/THR/19709Central Library, BUET 697_930000000000000_THR_1970 Central Library, BUETCirculation section2015-05-17  2015-05-17 2015-05-17General Book
25334697.93/THR/197010Central Library, BUET 697_930000000000000_THR_1970 Central Library, BUETCirculation section2015-05-17  2015-05-17 2015-05-17General Book